000 00701nam a22002057a 4500
999 _c10622
_d10622
003 AR-CdUCM
008 190401b ||||| |||| 00| 0 spa d
040 _aMUNICIPALIDAD PROVINCIAL DEL CUSCO
_cBIBLIOTECA MUNICIPAL DEL CUSCO
082 _aEP / 372.46 /
_bM61
110 _aMinisterio de Educación
_97325
245 _aAmigo :
_bLibro de lectura :
_bEdición experimental /
260 _aPerú :
_bMinisterio de Educación,
_c1976.
300 _a129 páginas ;
_bIlustraciones,
_c24 cm.
505 _aContenido: Libro de lecturas.
650 _aLibro de lecturas
_927519
650 _aLiteratura escolar
_926679
650 _aMinisterio de educación
_96664
942 _2ddc
_cLIBROS
945 _adavv